000 00891nam a2200241 a 4500
001 000010316
005 20240412074217.0
008 091006s2001 dr r 000 p spa d
040 _aDO-SdBNP
_bspa
_cBNPHU
082 _aRD861.44
_bF897n
100 1 _aFrías Jiménez, Milcíades
_925332
245 1 0 _aNiña de cristal ; Golpes de paz /
_cMilcíades Frías Jiménez; prólogo Bruno Rosario Candelier.
246 1 3 _aGolpes de paz
260 _aMoca, República Dominicana :
_bPrismarte,
_c2001.
300 _a98 , 76 p. ;
_c21 cm.
501 _aEncuadernado con: Golpes de paz
563 _aDos obras con paginación independiente en encuadernación invertida.
590 _aInventariado, 2018/BT
650 0 _aPoesía dominicana
_966
650 0 _aLiteratura dominicana.
_967
700 1 2 _aRosario Candelier, Bruno,
_d1941-
_epról.
_9851
910 _aValidado. Control de calidad. MFF
999 _c10075
_d10075